<?xml version="1.0" encoding="UTF-8"?>
<record
    xmlns:xsi="http://www.w3.org/2001/XMLSchema-instance"
    xsi:schemaLocation="http://www.loc.gov/MARC21/slim http://www.loc.gov/standards/marcxml/schema/MARC21slim.xsd"
    xmlns="http://www.loc.gov/MARC21/slim">

  <leader>02483njm a2200349Ia 4500</leader>
  <controlfield tag="001">21233</controlfield>
  <controlfield tag="003">IT-RoPAU</controlfield>
  <controlfield tag="005">20220918181121.0</controlfield>
  <controlfield tag="008">131025s9999    xx            000 0 und d</controlfield>
  <datafield tag="040" ind1=" " ind2=" ">
    <subfield code="a">IT-RoPAU</subfield>
  </datafield>
  <datafield tag="040" ind1=" " ind2=" ">
    <subfield code="c">IT-RoPAU</subfield>
  </datafield>
  <datafield tag="999" ind1=" " ind2=" ">
    <subfield code="c">99797</subfield>
    <subfield code="d">99797</subfield>
  </datafield>
  <datafield tag="999" ind1=" " ind2=" ">
    <subfield code="b">n.d.</subfield>
  </datafield>
  <datafield tag="100" ind1=" " ind2=" ">
    <subfield code="a">AA.VV.</subfield>
    <subfield code="9">794</subfield>
  </datafield>
  <datafield tag="100" ind1=" " ind2=" ">
    <subfield code="e">Autore musica</subfield>
    <subfield code="9">5416</subfield>
  </datafield>
  <datafield tag="100" ind1=" " ind2=" ">
    <subfield code="g">Codice autore musica SPICS: 12000</subfield>
    <subfield code="9">796</subfield>
  </datafield>
  <datafield tag="245" ind1=" " ind2=" ">
    <subfield code="a">Musiche intabulate per istrumenti da tasto (organo e clavicembalo)-Lp Pcc Aa 0103</subfield>
  </datafield>
  <datafield tag="250" ind1=" " ind2=" ">
    <subfield code="a">1a ed.</subfield>
  </datafield>
  <datafield tag="260" ind1=" " ind2=" ">
    <subfield code="a">ASSISI</subfield>
  </datafield>
  <datafield tag="260" ind1=" " ind2=" ">
    <subfield code="b">PRO CIVITATE CHRISTIANA</subfield>
    <subfield code="c">1980 [1a Ed.:]</subfield>
  </datafield>
  <datafield tag="300" ind1=" " ind2=" ">
    <subfield code="a">DISCO</subfield>
  </datafield>
  <datafield tag="300" ind1=" " ind2=" ">
    <subfield code="c">46 minuti (Testo:  pag.)</subfield>
  </datafield>
  <datafield tag="500" ind1=" " ind2=" ">
    <subfield code="a">Musica strumentale. Musica classica. Frottole intabulate da sonare organi (dal Libro Primo di Andrea Antico 1500 circa). Esponenti della Scuola Veneziana del tardo cinquecento</subfield>
  </datafield>
  <datafield tag="505" ind1=" " ind2=" ">
    <subfield code="a">Son io quel che era quel d&#xEC; (3:00) - Odi cielo el mio lamento (3:00) - Animoso mio desire (3:00) - Per mio ben te vederei (2:00) - Non resta in questa valle (2:00) - Dolce ire dolce sdegni (3:00) - Non pi&#xF9; morte al mio morire (3:00) - O che dirala mo(3:00) - Che farala che dirala (2:00) - Canzon francese detta petit Jacquet (2:00) - Fantasia allegra (3:00) - Ricercar dell'undecimo tuono (3:00) - Toccata di grado del primo tuono (2:00) - Toccata del secondo tuono (2:00) - Canzone terza (6:00) - Balletto terzo: balletto corrente del balletto-Passacagli (5:00)</subfield>
  </datafield>
  <datafield tag="650" ind1=" " ind2=" ">
    <subfield code="a">CLASSICA [DISCHI]</subfield>
    <subfield code="e">Codice MATERIA SPICS: 9950</subfield>
    <subfield code="9">1157</subfield>
  </datafield>
  <datafield tag="700" ind1=" " ind2=" ">
    <subfield code="a">Weber-Bianchi Carla</subfield>
    <subfield code="g">Codice interprete SPICS: 24223</subfield>
    <subfield code="e">Interprete</subfield>
    <subfield code="9">5417</subfield>
  </datafield>
  <datafield tag="700" ind1=" " ind2=" ">
    <subfield code="a">Tromboncino Bartolomeo</subfield>
    <subfield code="g">Codice autore musica SPICS: 11181</subfield>
    <subfield code="e">Autore musica</subfield>
    <subfield code="p">Son io quel che era quel d&#xEC; - Odi cielo el mio lamento - Animoso mio desire- Per mio ben te vederei - Non resta in questa valle - Dolce ire dolce sdegni - Non pi&#xF9; morte al mio morire - O che dirala mo - Che farala che dirala</subfield>
    <subfield code="9">5418</subfield>
  </datafield>
  <datafield tag="700" ind1=" " ind2=" ">
    <subfield code="a">Gabrieli Andrea</subfield>
    <subfield code="g">Codice autore musica SPICS: 13762</subfield>
    <subfield code="e">Autore musica</subfield>
    <subfield code="p">Canzon francese detta petit Jacquet - Fantasia allegra - Ricercar dell'undecimo tuono</subfield>
    <subfield code="9">5419</subfield>
  </datafield>
  <datafield tag="700" ind1=" " ind2=" ">
    <subfield code="a">Diruta Girolamo</subfield>
    <subfield code="g">Codice autore musica SPICS: 13763</subfield>
    <subfield code="e">Autore musica</subfield>
    <subfield code="p">Toccata di grado del primo tuono</subfield>
    <subfield code="9">5420</subfield>
  </datafield>
  <datafield tag="700" ind1=" " ind2=" ">
    <subfield code="a">Guami Gioseffo</subfield>
    <subfield code="g">Codice autore musica SPICS: 13764</subfield>
    <subfield code="e">Autore musica</subfield>
    <subfield code="p">Toccata del secondo tuono</subfield>
    <subfield code="9">5421</subfield>
  </datafield>
  <datafield tag="700" ind1=" " ind2=" ">
    <subfield code="a">Frescobaldi Girolamo</subfield>
    <subfield code="g">Codice autore musica SPICS: 12254</subfield>
    <subfield code="e">Autore musica</subfield>
    <subfield code="p">Canzone terza - Balletto terzo: balletto corrente del balletto-Passacagli</subfield>
    <subfield code="9">5422</subfield>
  </datafield>
  <datafield tag="942" ind1=" " ind2=" ">
    <subfield code="c">MD</subfield>
    <subfield code="2">ddc</subfield>
  </datafield>
  <datafield tag="952" ind1=" " ind2=" ">
    <subfield code="0">0</subfield>
    <subfield code="1">0</subfield>
    <subfield code="4">0</subfield>
    <subfield code="6">21233_000000000000000</subfield>
    <subfield code="7">1</subfield>
    <subfield code="a">SPICS</subfield>
    <subfield code="b">SPICS</subfield>
    <subfield code="d">2013-10-25</subfield>
    <subfield code="l">0</subfield>
    <subfield code="o">21233</subfield>
    <subfield code="r">2013-10-25 00:00:00</subfield>
    <subfield code="w">2013-10-25</subfield>
    <subfield code="y">MD</subfield>
    <subfield code="z">Progr. Ins.: 4534 / N.Vol.: 1 / Copie: 1 - Copia rara: n.d. / date import: 01.01.2014 - By Epidotti, Trombetti, Vaglietti</subfield>
  </datafield>
</record>
